[Event "Chigorin Memorial 23rd"]
[Site "St Petersburg"]
[Date "2015.10.09"]
[Round "7"]
[White "Pavlov, Anatoly F"]
[Black "Schetchikov, Vladimir Mikhailo"]
[Result "1-0"]
[WhiteElo "2018"]
[BlackElo "2222"]
[PlyCount "81"]
[EventDate "2015.10.03"]
[EventType "swiss"]
[EventRounds "9"]
[EventCountry "RUS"]
[SourceTitle "CBM 168 Extra"]
[Source "ChessBase"]
[SourceDate "2015.10.29"]
[SourceVersion "1"]
[SourceVersionDate "2015.10.29"]
[SourceQuality "1"]

1. d4 c5 2. d5 Nf6 3. Nf3 e6 4. c4 exd5 5. cxd5 d6 6. Nc3 g6 7. g3 Bg7 8. Bg2 0-0 9. 0-0 Re8 10. Re1 a6 11. a4 Ne4 12. Qb3 Qc7 13. Nxe4 Rxe4 14. Bd2 Nd7 15. Bc3 f6 16. Ng5 c4 17. Qa3 Re7 18. Ne4 Nc5 19. Nxf6+ Kh8 20. f3 Rb8 21. Ne4 Nxe4 22. fxe4 b5 23. axb5 axb5 24. Bxg7+ Kxg7 25. Qc3+ Re5 26. b3 Qb6+ 27. e3 Bd7 28. bxc4 Rc8 29. Qd4 Rc5 30. cxb5 Bxb5 31. Reb1 Qc7 32. h4 Kh6 33. Kh2 Re7 34. Rb2 Rf7 35. Rab1 Ba6 36. Qa4 Bd3 37. Rb7 Qxb7 38. Rxb7 Rxb7 39. Qd4 Ba6 40. g4 Be2 41. Qf6 1-0

[Event "Chigorin Memorial 23rd"]
[Site "St Petersburg"]
[Date "2015.10.03"]
[Round "1"]
[White "Pavlov, Anatoly F"]
[Black "Sanzhaev, Darsen"]
[Result "0-1"]
[WhiteElo "2018"]
[BlackElo "2378"]
[PlyCount "112"]
[EventDate "2015.10.03"]
[EventType "swiss"]
[EventRounds "9"]
[EventCountry "RUS"]
[SourceTitle "CBM 168 Extra"]
[Source "ChessBase"]
[SourceDate "2015.10.29"]
[SourceVersion "1"]
[SourceVersionDate "2015.10.29"]
[SourceQuality "1"]

1. d4 Nf6 2. g3 d5 3. Bg2 c6 4. Nf3 Bf5 5. 0-0 e6 6. c4 Nbd7 7. Nbd2 h6 8. b3 Bd6 9. Bb2 Qc7 10. Re1 Bh7 11. Nf1 0-0 12. N3d2 Rfe8 13. Rc1 Rad8 14. a3 a5 15. e3 Qb8 16. f4 b6 17. Nf3 Ne4 18. Ne5 Nxe5 19. fxe5 Be7 20. cxd5 cxd5 21. Nd2 Qb7 22. Bxe4 Bxe4 23. Nxe4 dxe4 24. Rf1 Rf8 25. Qe2 b5 26. Rc2 Rd7 27. Rfc1 Qd5 28. a4 bxa4 29. bxa4 Qb3 30. Rc3 Qxa4 31. Ra1 Qb4 32. Qc2 Qb5 33. Rb3 Qd5 34. Ba3 Ra8 35. Bxe7 Rxe7 36. Ra4 Rc7 37. Rc3 Rb7 38. Rc5 Qb3 39. Ra2 Qxe3+ 40. Kg2 Rab8 41. Qf2 Qxf2+ 42. Kxf2 Rd8 43. Ke3 Rb4 44. Rd2 a4 45. Ra5 Rc8 46. Kxe4 Rc3 47. Ra7 a3 48. Rf2 Rbb3 49. Re2 g5 50. Ra4 Rd3 51. Ra7 Kg7 52. Ra5 Kg6 53. Ra7 h5 54. Ra8 Kg7 55. Ra7 h4 56. gxh4 Rh3 0-1

[Event "Uljanovsk Povolje op"]
[Site "Uljanovsk"]
[Date "2014.08.29"]
[Round "6"]
[White "Pavlov, Anatoly F"]
[Black "Logunov, Egor"]
[Result "1-0"]
[WhiteElo "2066"]
[BlackElo "1603"]
[PlyCount "44"]
[EventDate "2014.08.26"]
[EventType "swiss"]
[EventRounds "9"]
[EventCountry "RUS"]
[SourceTitle "CBM 162 Extra"]
[Source "ChessBase"]
[SourceDate "2014.10.17"]
[SourceVersion "1"]
[SourceVersionDate "2014.10.17"]
[SourceQuality "1"]

1. c4 e5 2. Nc3 Nf6 3. g3 Nc6 4. Bg2 Bc5 5. Nf3 d6 6. 0-0 0-0 7. d3 Bg4 8. a3 a5 9. Bg5 h6 10. Bxf6 Qxf6 11. Ne4 Qe6 12. Nxc5 dxc5 13. Qc1 Bh3 14. Qc3 Bxg2 15. Kxg2 Nd4 16. Rfe1 Nxf3 17. exf3 f6 18. Rad1 Rfd8 19. Re4 Rd4 20. Rde1 Qd6 21. Rxd4 cxd4 22. Qb3 b6 1-0